Anéis de grupos /

Guardado en:
Autor Principal: Milies, Francisco César Polcino.
Autores Corporativos: Escola de Álgebra, Sociedade Brasileira de Matemática.
Formato: Libro
Idioma:Portuguese
Publicado: São Paulo : [s.n.], 1976.
Etiquetas: Agregar Etiqueta
Sin Etiquetas, Sea el primero en etiquetar este registro!
LEADER 00715nam a22001815a 4500
001 MAT.inmabb006717
008 120830s1976####bl#######b####100#0#por#d
005 20130605111154.0
245 0 0 |a Anéis de grupos /  |c Francisco César Polcino Milies. 
260 |a São Paulo :  |b [s.n.],  |c 1976. 
300 |a v, 127 p. ;  |c 23 cm. 
500 |a "IV Escola de Álgebra, patrocinada pela Sociedade Brasileira de Matemática". 
504 |a Incluye referencias bibliográficas (p. 119-122) e índice. 
100 1 |a Milies, Francisco César Polcino. 
711 2 |a Escola de Álgebra  |n (4.ª :  |d 1976 :  |c São Paulo) 
710 2 |a Sociedade Brasileira de Matemática. 
084 |a 16S34 (20Cxx)  |2 msc2000 
859 |h 16  |i M644  |p A-5610  |b BIB. MATEMATICA